000
00284 a2200145 4500
001
59378
020
_a
8512008849
040
_c
Anchieta - Pituba
240
1
0
_a
Brasil 500 anos
_l
por
245
1
0
_a
Brasil 500 anos
300
_a
64
362
0
_a
199
650
4
_a
Brasil
942
_c
BK
999
_c
59378
_d
59378